000 01164naa a22002897a 4500
001 BR9103884
003 BR-BrBNA
005 20250721155414.0
007 ta
008 250630b bl.|||m| |||| 00| 0 por d
040 _aBR-BrBNA
_bpor
_cBiblioteca Nacional de Agricultura
041 _a(Pt)
072 _aU10
_b0120
_bG514
090 _aU10 BR9103884
100 1 _aCordeiro, C.M.T.
100 1 _aSilva, J.G.C. da
111 1 _a10. Conferencia Internacional de Biometria
_cGuaruja, SP (Brazil)
_d6-10 Aug 1979
245 1 _aEstudo do zoneamento da regiao centro-sul do Brasil para a cultura do milho
500 _aAnais da 10. Conferencia Internacional de Biometria Brasilia, DF (Brasil): 1982. p. 295-311 [17 ref.; Summary (Pt)] (BR9103884-AMS)
773 0 _tAnais da 10. Conferencia Internacional de Biometria
_wU10 BR9103884
_gBrasilia, DF (Brasil), 1982. p. 295-311
650 _aMILHO
650 _aZONEAMENTO AGRICOLA
650 _aANALISE ESTATISTICA
490 _aDocumentos - Empresa Brasileira de Pesquisa Agropecuaria. Depto. de Informacao e Documentacao (Brazil)
_vNo. 22
942 _cAMS
_2AGRIS
909 _a202506
_bLúcia
_c55
_dLúcia Elande
999 _c336317
_d336317